000 00304nam a22001337a 4500
008 180913b xxu||||| |||| 00| 0 eng d
020 _a9781429263955
041 _aeng
080 _a159.9
100 _a49
101 _aPSI
245 _aPsychology In Everyday Life
_cMyers D G
942 _2udc
_cBK
999 _c47724
_d47724